| 000 | 01410cam a2200337 i 4500 | ||
|---|---|---|---|
| 999 |
_c57921 _d57921 |
||
| 001 | 20386871 | ||
| 005 | 20221105204922.0 | ||
| 008 | 180302s2019 nyua 000 0 eng | ||
| 020 | _a9781626234017 (hardcover) 1 | ||
| 041 | _aeng | ||
| 080 | _a616-053.2 P-36 | ||
| 245 | 1 | 0 |
_aPediatric audiology : _bdiagnosis, technology, and management / _c[edited by] Jane R. Madell , Carol Flexer, Jace Wolfe, Erin C. Schafer. |
| 250 | _aThird edition. | ||
| 264 | 1 |
_aNew York : _bThieme, _c2019. |
|
| 300 |
_a408 pages : _billustrations, : _c29 cm. |
||
| 650 | 1 | 2 |
_aHearing Disorders _xdiagnosis _910953 |
| 650 | 2 | 2 |
_aCorrection of Hearing Impairment _910954 |
| 650 | 2 | 2 |
_aHearing Tests _910955 |
| 650 | 2 | 2 |
_aEducation of Hearing Disabled _910956 |
| 650 | 2 | 2 |
_aInfant _910957 |
| 650 | 2 | 2 |
_aChild _910958 |
| 653 | _aპედიატრული აუდიოლოგია | ||
| 653 | _aმედიცინა | ||
| 653 | _aდიაგნოზი, ტექნოლოგია და მართვა | ||
| 653 | _aსმენის დაქვეითების კორექცია | ||
| 700 | 1 |
_aMadell, Jane Reger, _eრედაქტორი _910959 |
|
| 700 | 1 |
_aFlexer, Carol Ann, _eრედაქტორი _910960 |
|
| 700 | 1 |
_aWolfe, Jace, _eრედაქტორი _910961 |
|
| 700 | 1 |
_aSchafer, Erin C, _eრედაქტორი _910962 |
|
| 942 |
_2udc _cBK |
||